<?xml version="1.0" encoding="UTF-8"?>
<record
    xmlns:xsi="http://www.w3.org/2001/XMLSchema-instance"
    xsi:schemaLocation="http://www.loc.gov/MARC21/slim http://www.loc.gov/standards/marcxml/schema/MARC21slim.xsd"
    xmlns="http://www.loc.gov/MARC21/slim">

  <leader>00353nam a22001577a 4500</leader>
  <controlfield tag="003">SGT</controlfield>
  <datafield tag="020" ind1=" " ind2=" ">
    <subfield code="a">9788180614697</subfield>
  </datafield>
  <datafield tag="082" ind1=" " ind2=" ">
    <subfield code="a">615.8</subfield>
    <subfield code="b">T16N</subfield>
  </datafield>
  <datafield tag="100" ind1=" " ind2=" ">
    <subfield code="a">NARAYANAN, S. LAKSHMI</subfield>
  </datafield>
  <datafield tag="245" ind1=" " ind2=" ">
    <subfield code="a">TB. OF THERAPEUTICS EXERCISES</subfield>
  </datafield>
  <datafield tag="250" ind1=" " ind2=" ">
    <subfield code="a">1ST</subfield>
  </datafield>
  <datafield tag="260" ind1=" " ind2=" ">
    <subfield code="a">INDIA </subfield>
    <subfield code="b">JAYPEE PUB</subfield>
    <subfield code="c">2016</subfield>
  </datafield>
  <datafield tag="300" ind1=" " ind2=" ">
    <subfield code="a">243</subfield>
  </datafield>
  <datafield tag="650" ind1=" " ind2=" ">
    <subfield code="a">PHYSIOTHERAPY</subfield>
  </datafield>
  <datafield tag="942" ind1=" " ind2=" ">
    <subfield code="2">ddc</subfield>
    <subfield code="c">BK</subfield>
    <subfield code="0">129</subfield>
  </datafield>
  <datafield tag="952" ind1=" " ind2=" ">
    <subfield code="0">0</subfield>
    <subfield code="1">0</subfield>
    <subfield code="2">ddc</subfield>
    <subfield code="4">0</subfield>
    <subfield code="7">0</subfield>
    <subfield code="8">MEDICAL</subfield>
    <subfield code="a">FM</subfield>
    <subfield code="b">FM</subfield>
    <subfield code="c">TXT</subfield>
    <subfield code="d">2021-03-30</subfield>
    <subfield code="e">ABC DELHI </subfield>
    <subfield code="g">650.00</subfield>
    <subfield code="i">SGTU</subfield>
    <subfield code="l">12</subfield>
    <subfield code="o">615.8 T16N</subfield>
    <subfield code="p">FM12328</subfield>
    <subfield code="q">2026-06-19</subfield>
    <subfield code="r">2026-06-05 14:34:56</subfield>
    <subfield code="s">2026-06-05</subfield>
    <subfield code="w">2021-02-19</subfield>
    <subfield code="y">BK</subfield>
    <subfield code="k">12725</subfield>
  </datafield>
  <datafield tag="952" ind1=" " ind2=" ">
    <subfield code="0">0</subfield>
    <subfield code="1">0</subfield>
    <subfield code="2">ddc</subfield>
    <subfield code="4">0</subfield>
    <subfield code="7">0</subfield>
    <subfield code="8">MEDICAL</subfield>
    <subfield code="a">FM</subfield>
    <subfield code="b">FM</subfield>
    <subfield code="c">TXT</subfield>
    <subfield code="d">2021-03-30</subfield>
    <subfield code="e">ABC DELHI </subfield>
    <subfield code="g">650.00</subfield>
    <subfield code="i">SGTU</subfield>
    <subfield code="l">20</subfield>
    <subfield code="o">615.8 T16N</subfield>
    <subfield code="p">FM12329</subfield>
    <subfield code="q">2026-06-19</subfield>
    <subfield code="r">2026-06-05 14:35:11</subfield>
    <subfield code="s">2026-06-05</subfield>
    <subfield code="w">2021-02-19</subfield>
    <subfield code="y">BK</subfield>
    <subfield code="k">12725</subfield>
  </datafield>
  <datafield tag="952" ind1=" " ind2=" ">
    <subfield code="0">0</subfield>
    <subfield code="1">0</subfield>
    <subfield code="2">ddc</subfield>
    <subfield code="4">0</subfield>
    <subfield code="7">0</subfield>
    <subfield code="8">MEDICAL</subfield>
    <subfield code="a">FM</subfield>
    <subfield code="b">FM</subfield>
    <subfield code="c">TXT</subfield>
    <subfield code="d">2021-03-30</subfield>
    <subfield code="e">ABC DELHI </subfield>
    <subfield code="g">650.00</subfield>
    <subfield code="i">SGTU</subfield>
    <subfield code="l">15</subfield>
    <subfield code="o">615.8 T16N</subfield>
    <subfield code="p">FM12330</subfield>
    <subfield code="q">2026-05-22</subfield>
    <subfield code="r">2026-05-08 00:00:00</subfield>
    <subfield code="s">2026-05-08</subfield>
    <subfield code="w">2021-02-19</subfield>
    <subfield code="y">BK</subfield>
    <subfield code="k">12725</subfield>
  </datafield>
  <datafield tag="952" ind1=" " ind2=" ">
    <subfield code="0">0</subfield>
    <subfield code="1">0</subfield>
    <subfield code="2">ddc</subfield>
    <subfield code="4">0</subfield>
    <subfield code="7">0</subfield>
    <subfield code="8">MEDICAL</subfield>
    <subfield code="a">FM</subfield>
    <subfield code="b">FM</subfield>
    <subfield code="c">TXT</subfield>
    <subfield code="d">2021-03-30</subfield>
    <subfield code="e">ABC DELHI </subfield>
    <subfield code="g">650.00</subfield>
    <subfield code="i">SGTU</subfield>
    <subfield code="l">18</subfield>
    <subfield code="o">615.8 T16N</subfield>
    <subfield code="p">FM12331</subfield>
    <subfield code="q">2026-06-19</subfield>
    <subfield code="r">2026-06-05 12:13:17</subfield>
    <subfield code="s">2026-06-05</subfield>
    <subfield code="w">2021-02-19</subfield>
    <subfield code="y">BK</subfield>
    <subfield code="k">12725</subfield>
  </datafield>
  <datafield tag="952" ind1=" " ind2=" ">
    <subfield code="0">0</subfield>
    <subfield code="1">0</subfield>
    <subfield code="2">ddc</subfield>
    <subfield code="4">0</subfield>
    <subfield code="7">0</subfield>
    <subfield code="8">MEDICAL</subfield>
    <subfield code="a">FM</subfield>
    <subfield code="b">FM</subfield>
    <subfield code="c">TXT</subfield>
    <subfield code="d">2021-03-30</subfield>
    <subfield code="e">ABC DELHI </subfield>
    <subfield code="g">650.00</subfield>
    <subfield code="i">SGTU</subfield>
    <subfield code="l">17</subfield>
    <subfield code="o">615.8 T16N</subfield>
    <subfield code="p">FM12332</subfield>
    <subfield code="q">2026-06-19</subfield>
    <subfield code="r">2026-06-05 12:04:11</subfield>
    <subfield code="s">2026-06-05</subfield>
    <subfield code="w">2021-02-19</subfield>
    <subfield code="y">BK</subfield>
    <subfield code="k">12725</subfield>
  </datafield>
  <datafield tag="952" ind1=" " ind2=" ">
    <subfield code="0">0</subfield>
    <subfield code="1">0</subfield>
    <subfield code="2">ddc</subfield>
    <subfield code="4">0</subfield>
    <subfield code="7">0</subfield>
    <subfield code="8">MEDICAL</subfield>
    <subfield code="a">FM</subfield>
    <subfield code="b">FM</subfield>
    <subfield code="c">TXT</subfield>
    <subfield code="d">2021-03-30</subfield>
    <subfield code="e">ABC DELHI </subfield>
    <subfield code="g">650.00</subfield>
    <subfield code="i">SGTU</subfield>
    <subfield code="l">21</subfield>
    <subfield code="o">615.8 T16N</subfield>
    <subfield code="p">FM12333</subfield>
    <subfield code="q">2025-12-26</subfield>
    <subfield code="r">2025-12-12 00:00:00</subfield>
    <subfield code="s">2025-12-12</subfield>
    <subfield code="w">2021-02-19</subfield>
    <subfield code="y">BK</subfield>
    <subfield code="k">12725</subfield>
  </datafield>
  <datafield tag="952" ind1=" " ind2=" ">
    <subfield code="0">0</subfield>
    <subfield code="1">0</subfield>
    <subfield code="2">ddc</subfield>
    <subfield code="4">0</subfield>
    <subfield code="7">0</subfield>
    <subfield code="8">MEDICAL</subfield>
    <subfield code="a">FM</subfield>
    <subfield code="b">FM</subfield>
    <subfield code="c">TXT</subfield>
    <subfield code="d">2021-03-30</subfield>
    <subfield code="e">ABC DELHI </subfield>
    <subfield code="g">650.00</subfield>
    <subfield code="i">SGTU</subfield>
    <subfield code="l">19</subfield>
    <subfield code="o">615.8 T16N</subfield>
    <subfield code="p">FM12334</subfield>
    <subfield code="r">2024-06-20 00:00:00</subfield>
    <subfield code="s">2024-06-18</subfield>
    <subfield code="w">2021-02-19</subfield>
    <subfield code="y">BK</subfield>
    <subfield code="k">12725</subfield>
  </datafield>
  <datafield tag="952" ind1=" " ind2=" ">
    <subfield code="0">0</subfield>
    <subfield code="1">0</subfield>
    <subfield code="2">ddc</subfield>
    <subfield code="4">0</subfield>
    <subfield code="7">0</subfield>
    <subfield code="8">MEDICAL</subfield>
    <subfield code="a">FM</subfield>
    <subfield code="b">FM</subfield>
    <subfield code="c">TXT</subfield>
    <subfield code="d">2021-03-30</subfield>
    <subfield code="e">ABC DELHI </subfield>
    <subfield code="g">650.00</subfield>
    <subfield code="i">SGTU</subfield>
    <subfield code="l">18</subfield>
    <subfield code="o">615.8 T16N</subfield>
    <subfield code="p">FM12335</subfield>
    <subfield code="r">2024-04-24 00:00:00</subfield>
    <subfield code="s">2024-04-17</subfield>
    <subfield code="w">2021-02-19</subfield>
    <subfield code="y">BK</subfield>
    <subfield code="k">12725</subfield>
  </datafield>
  <datafield tag="999" ind1=" " ind2=" ">
    <subfield code="c">20983</subfield>
    <subfield code="d">20983</subfield>
  </datafield>
</record>
